Ile lat ma ten polski raper? - Statystyki

Ogólne statystyki
  • Ten quiz został rozwiązany 771 razy
  • Średni wynik to 7 z 10
Statystyki odpowiedzi
Raper Wiek % Poprawnych
Bedoes 21
92%
OKI 21
86%
schafter 17
85%
Qry 21
84%
ReTo 24
83%
White 2115 23
71%
Mata 19
65%
Pezet 39
59%
Żabson 25
57%
Zeamsone 19
54%
Nie znaleziono quizów pasujących do podanych kryteriów
Rozkład punktacji
Procent ludzi z każdym wynikiem
Percentyl według liczby udzielonych odpowiedzi
Twoja historia wyników
Nie rozwiązałeś tego quizu